Globalizácia a jej dôsledky na výučbu cudzích jazykov
Zasahovanie globalizácie aj do výučby cudzích jazykov. Významné miesto angličtiny vo svete podnikania. Prispôsobenie sa novým trendom, zohľadnenie cieľových skupín, cieľov výučby, motivácii a vhodnému výberu učebných pomôcok.
Gespeichert in:
| 1. Verfasser: | |
|---|---|
| Format: | Buchkapitel |
| Sprache: | Slowakisch |
| Schlagworte: | |
| Tags: |
Keine Tags, Fügen Sie das erste Tag hinzu!
|
MARC
| LEADER | 00000nla$a2200000$$$4500 | ||
|---|---|---|---|
| 001 | 0051086 | ||
| 005 | 20240502071607.7 | ||
| 041 | 0 | |a slo | |
| 044 | |a SK | ||
| 245 | 1 | 0 | |a Globalizácia a jej dôsledky na výučbu cudzích jazykov |c Mária Bláhová |
| 520 | |a Zasahovanie globalizácie aj do výučby cudzích jazykov. Významné miesto angličtiny vo svete podnikania. Prispôsobenie sa novým trendom, zohľadnenie cieľových skupín, cieľov výučby, motivácii a vhodnému výberu učebných pomôcok. | ||
| 610 | 2 | 0 | |a jazyky cudzie |
| 610 | 2 | 0 | |a vyučovanie |
| 610 | 2 | 0 | |a angličtina |
| 610 | 2 | 0 | |a globalizácia |
| 100 | 1 | |a Bláhová, Mária | |